| 000 | 00351nam a2200121Ia 4500 | ||
|---|---|---|---|
| 008 | 170221s9999 xx 000 0 und d | ||
| 100 | _aAbhishek Gupta | ||
| 245 | _aIMPACT OF TRADE UNIONISM ON INDIAN SOCIETY | ||
| 245 | _cAbhishek Gupta | ||
| 260 | _c2013 | ||
| 650 | _xBusiness | ||
| 856 | _uhttp://escijournals.net/index.php/JBF/article/view/75/135 | ||
| 999 |
_c309568 _d309568 |
||